00410nam a2200121Ia 4500008004000000082001300040100001900053245011900072260003800191300001300229440000600242650004000248210210b1985 xxu||||| |||| 00| 0 eng d a686 KESH aKESAVAN (B S). aHistory of printing and publishing in India. V1: South Indian origins of printing and its efflorescence in Bengal. aIndia.bNational Book Trustc1985 axxxi,461 a1 aHistory Printing Publishing India